USA Chain Resturants - Statistics

General Stats
  • This quiz has been taken 346 times
  • The average score is 3 of 26
Answer Stats
Answer % Correct
McDonalds
85%
Applebees
31%
Olive Garden
30%
Arbys
29%
Subway
28%
Red Lobster
19%
IHOP
13%
Buffalo Wild Wings
10%
Cheesecake Factory
10%
Chillis
10%
T.G.I Fridays
9%
Ruby Tuesday
8%
Golden Corral
5%
Bob Evans
4%
Long john Silvers
4%
Red robins
3%
Donatos Pizza
2%
Panera bread
2%
Noodles and company
1%
Rainforest Cafe
1%
A & W resturants
0%
Bobs Big Boy /Frisch
0%
Cheeseburger in Paradise
0%
Coldstone Creamary
0%
Cosi
0%
Quaker Steak & Lube
0%
No matching quizzes found
Score Distribution
Percent of People with Each Score
Percentile by Number Answered
Your Score History
You have not taken this quiz